000 00307nam a2200145Ia 4500
100 _aPrasad/ Jainti/ Shukla/M.C.
250 _a2
942 _cBK
654 _amaterials
245 _aStrength Of Materials
260 _bCBS
_aDelhi
_c1983
082 _a620.112
_bPRA
300 _a488
546 _aENGLISH
999 _c33259
_d33259